书目信息 |
| 题名: |
现代特大型桥梁施工测量技术
|
|
| 作者: | 冯兆祥 , 钟建驰 , 岳建平 编著 | |
| 分册: | ||
| 出版信息: | 北京 人民交通出版社 2010.01 |
|
| 页数: | 261页 | |
| 开本: | 26cm | |
| 丛书名: | ||
| 单 册: | ||
| 中图分类: | U422 | |
| 科图分类: | ||
| 主题词: | 桥梁测量--qiao liang ce liang | |
| 电子资源: | ||
| ISBN: | 978-7-114-08208-5 | |
| 000 | 00973nam0 2200265 450 | |
| 001 | 012010344315 | |
| 005 | 20100514135346.60 | |
| 010 | @a978-7-114-08208-5@dCNY42.00 | |
| 100 | @a20100427d2010 em y0chiy0120 ea | |
| 101 | 0 | @achi |
| 102 | @aCN@b110000 | |
| 105 | @aak a 000yy | |
| 106 | @ar | |
| 200 | 1 | @a现代特大型桥梁施工测量技术@Axian dai te da xing qiao liang shi gong ce liang ji shu@f冯兆祥, 钟建驰, 岳建平编著@Ffeng zhao xiang,zhong jian chi,yue jian ping bian zhu |
| 210 | @a北京@c人民交通出版社@d2010.01 | |
| 215 | @a261页@c图@d26cm | |
| 320 | @a有书目 (第260-261页) | |
| 330 | @a本书主要内容:平面施工控制网的建立与维护,高程施工控制网,桥梁施工放样常用方法,桥梁重要部位施工测量等。 | |
| 606 | 0 | @a桥梁测量@Aqiao liang ce liang |
| 690 | @aU422@v4 | |
| 701 | 0 | @a冯兆祥@Afeng zhao xiang@4编著 |
| 701 | 0 | @a钟建驰@Azhong jian chi@4编著 |
| 701 | 0 | @a岳建平@Ayue jian ping@4编著 |
| 801 | 0 | @aCN@bQSSK@c20100514 |
| 905 | @b779101-03@dU422@eF547@f3 | |
| 现代特大型桥梁施工测量技术/冯兆祥, 钟建驰, 岳建平编著.-北京:人民交通出版社,2010.01 |
| 261页:图;26cm |
| ISBN 978-7-114-08208-5:CNY42.00 |
| 本书主要内容:平面施工控制网的建立与维护,高程施工控制网,桥梁施工放样常用方法,桥梁重要部位施工测量等。 |
| ● |
| 相关链接 |
|
|
|
正题名:现代特大型桥梁施工测量技术
索取号:U422/F547
 
预约/预借
| 序号 | 登录号 | 条形码 | 馆藏地/架位号 | 状态 | 备注 |
| 1 | 779101 | 207791013 | 期刊室512/501自科库 53排7列3层/ [索取号:U422/F547] | 在馆 | |
| 2 | 779102 | 207791022 | 自科库501/501自科库 53排7列3层/ [索取号:U422/F547] | 在馆 | |
| 3 | 779103 | 207791031 | 自科库501/501自科库 53排7列3层/ [索取号:U422/F547] | 在馆 |